Indira Gandhi : charisma and crisis

Bibliographic Details
Main Author: Kidwai, Anser
Other Authors: Kaul T.N
Format: Book
Published: India : Siddhi Books , 1996
Subjects:

MARC

LEADER 00000cam a2200000 7i4500
001 0000021489
005 20080722.0
008 080718
020 |a 8170206928 
090 0 0 |a 954.045092   |b KID 
100 1 |a Kidwai, Anser 
245 1 0 |a Indira Gandhi :   |b charisma and crisis   |c Anser Kidwai ; with a foreword by T.N. Kaul 
260 |a India :   |b Siddhi Books ,   |c 1996 
650 0 |a Gandhi, Indira, 1917-1984 
650 0 |a Prime ministers   |z India   |x Biography 
700 0 |a Kaul T.N. 
999 |a 0001019973   |b Book   |c Adult Collection   |e Cawangan Urban Transformation Centre 
999 |a 0001019974   |b Book   |c Adult Collection   |e Perbadanan Perpustakaan Awam Johor